Political legitimacy : A comparative study with special reference to the legitimacy crisis during the Umayyads /
Saved in:
| Main Author: | |
|---|---|
| Format: | Thesis |
| Language: | English |
| Published: |
Kuala Lumpur :
International Institute of Islamic Thought and Civilization (ISTAC),
1999
|
| Subjects: | |
| Online Access: | Click here to view 1st 24 pages of the thesis. Members can view fulltext at the specified PCs in the library. |
| Tags: |
Add Tag
No Tags, Be the first to tag this record!
|
| LEADER | 020150000a22003730004500 | ||
|---|---|---|---|
| 001 | 316115 | ||
| 005 | 20100106121500.0 | ||
| 008 | 050315s1999 my 000 0 eng d | ||
| 035 | |a (Sirsi) 316115 | ||
| 040 | |a UIAM |b eng | ||
| 041 | 0 | |a eng | |
| 049 | |b i | ||
| 050 | 0 | 0 | |a BP173.7 |
| 100 | 1 | |a Gasim, Gamal Ali Mohammed | |
| 245 | 1 | 0 | |a Political legitimacy : |b A comparative study with special reference to the legitimacy crisis during the Umayyads / |c by Gamal Ali Mohammed Gasim |
| 260 | |a Kuala Lumpur : |b International Institute of Islamic Thought and Civilization (ISTAC), |c 1999 | ||
| 300 | |a vii, 112 lvs ; |c 30 cm. | ||
| 500 | |a Abstract in English | ||
| 500 | |a "A thesis submitted to the International Institute of Islamic Thought and Civilization (ISTAC) for partial fulfilment of the M.A.Degree" -- On t.p. | ||
| 502 | |a Thesis (Master) -- International Islamic University Malaysia, International Institute of Islamic Thought and Civilization, 1999 | ||
| 504 | |a Includes bibliographical references (lvs 108-112) | ||
| 596 | |a 1 5 | ||
| 650 | 0 | |a Islam and politics | |
| 650 | 0 | |a Islam and state | |
| 650 | 0 | |a Legitimacy of goverments |v Comparative studies |x History | |
| 650 | 0 | |a Umayyad dynasty |x History | |
| 655 | 0 | 7 | |a Theses, IIUM local |
| 690 | 0 | |a Dissertations, Academic |x International Institute of Islamic Thought and Civilization |z IIUM | |
| 710 | 2 | |a International Islamic University Malaysia. |b International Institute of Islamic Thought and Civilization | |
| 856 | 4 | |u http://studentrepo.iium.edu.my/handle/123456789/2341 |z Click here to view 1st 24 pages of the thesis. Members can view fulltext at the specified PCs in the library. | |
| 900 | |a za-hm | ||
| 999 | |c 435488 |d 464800 | ||
| 952 | |0 0 |6 T BP 000173.7 G247P 1999 |7 0 |8 THESES |9 754998 |a IIUM |b IIUM |c MULTIMEDIA |g 0.00 |o t BP 173.7 G247P 1999 |p 11100343501 |r 2017-10-17 |t 1 |v 0.00 |y THESIS | ||
| 952 | |0 0 |6 T BP 000173.7 G247P 1999 |7 0 |8 THESES |9 756223 |a SMNAL |b SMNAL |c CLOSEACCES |g 0.00 |o t BP173.7G247P 1999 |p 00000899411 |r 1900-01-02 |t 1 |v 0.00 |y THESIS | ||
